[Event "Metz op 23rd"]
[Site "Metz"]
[Date "2005.04.24"]
[Round "9"]
[White "Scheynin, Julia"]
[Black "Montheard, Xavier"]
[Result "1/2-1/2"]
[WhiteElo "2044"]
[BlackElo "2265"]
[PlyCount "139"]
[EventDate "2005.04.16"]
[EventType "swiss"]
[EventRounds "9"]
[EventCountry "FRA"]
[SourceTitle "CBM 105 Extra"]
[Source "ChessBase"]
[SourceDate "2005.05.01"]
[SourceVersion "1"]
[SourceVersionDate "2005.05.01"]
[SourceQuality "1"]

1. Nf3 c5 2. g3 g6 3. Bg2 Bg7 4. d3 d6 5. 0-0 Nc6 6. e4 Bg4 7. c3 Nf6 8. h3 Bxf3 9. Qxf3 0-0 10. Be3 Nd7 11. Qe2 b5 12. Qd2 Qb6 13. Bh6 Bxh6 14. Qxh6 e5 15. Nd2 a5 16. Kh2 Qd8 17. f4 Qf6 18. f5 g5 19. Qh5 Qg7 20. Qe2 a4 21. a3 Rfb8 22. Qf2 Qf6 23. Qe2 Kh8 24. Qe3 b4 25. Rfb1 Nb6 26. Nf3 h6 27. Nd2 Ra7 28. Bf3 Qe7 29. Kg2 Kg7 30. Rh1 Rab7 31. Rab1 Na5 32. Qe2 Nc8 33. Bg4 Qf6 34. Rhc1 Na7 35. Qd1 bxc3 36. bxc3 Nb3 37. Rc2 Nb5 38. Nc4 Qd8 39. Qe1 Na5 40. Nxa5 Qxa5 41. f6+ Kxf6 42. Qc1 Kg7 43. h4 gxh4 44. gxh4 Qd8 45. Kh3 Qf6 46. Rcb2 d5 47. exd5 h5 48. Be2 Qf5+ 49. Kh2 Qf2+ 50. Kh3 Qf5+ 51. Kh2 Kh7 52. Qf1 Qxf1 53. Bxf1 Kg6 54. d4 Nd6 55. Rxb7 Rxb7 56. Rxb7 Nxb7 57. dxe5 Kf5 58. e6 fxe6 59. Bh3+ Kf6 60. Bxe6 Nd6 61. Bd7 Ke5 62. Bxa4 Nc4 63. Be8 Nxa3 64. Bxh5 Kxd5 65. Bg6 Ke5 66. Kg3 Kf6 67. Be4 c4 68. Kf4 Nb5 69. Bd5 Nxc3 70. Bxc4 1/2-1/2

[Event "Metz op 23rd"]
[Site "Metz"]
[Date "2005.04.20"]
[Round "5"]
[White "Bronznik, Valerij"]
[Black "Montheard, Xavier"]
[Result "1-0"]
[WhiteElo "2389"]
[BlackElo "2265"]
[PlyCount "71"]
[EventDate "2005.04.16"]
[EventType "swiss"]
[EventRounds "9"]
[EventCountry "FRA"]
[SourceTitle "CBM 105 Extra"]
[Source "ChessBase"]
[SourceDate "2005.05.01"]
[SourceVersion "1"]
[SourceVersionDate "2005.05.01"]
[SourceQuality "1"]

1. d4 Nf6 2. Nf3 c5 3. d5 d6 4. Nc3 g6 5. e4 Bg7 6. Be2 0-0 7. 0-0 Na6 8. Bf4 Bg4 9. Nd2 Bxe2 10. Qxe2 Nc7 11. a4 e6 12. Qd3 exd5 13. exd5 Nh5 14. Be3 f5 15. Nf3 f4 16. Bd2 Rf5 17. Rad1 Qd7 18. Rfe1 Raf8 19. Qc4 Kh8 20. Bc1 g5 21. h3 Qf7 22. Ne4 Qg6 23. b4 b6 24. bxc5 bxc5 25. Nxc5 dxc5 26. d6 Na8 27. a5 Bf6 28. d7 Nc7 29. Bb2 Ng7 30. Ne5 Rxe5 31. Bxe5 Nce6 32. Bxf6 Qxf6 33. Rd6 Rd8 34. Rdxe6 Nxe6 35. Rxe6 Qf7 36. Re8+ 1-0

[Event "Evry op"]
[Site "Evry"]
[Date "2005.02.26"]
[Round "8"]
[White "Debray, Christopher"]
[Black "Montheard, Xavier"]
[Result "0-1"]
[WhiteElo "2205"]
[BlackElo "2247"]
[PlyCount "72"]
[EventDate "2005.03.12"]
[EventType "swiss"]
[EventRounds "9"]
[EventCountry "FRA"]
[SourceTitle "EXT 2006"]
[Source "ChessBase"]
[SourceDate "2005.11.24"]
[SourceVersion "1"]
[SourceVersionDate "2005.11.24"]
[SourceQuality "1"]

1. e4 c5 2. Nf3 d6 3. d4 cxd4 4. Nxd4 Nf6 5. Nc3 g6 6. f4 Nc6 7. Be2 Bg7 8. Be3 0-0 9. Nb3 a5 10. a4 Be6 11. g4 d5 12. f5 Bc8 13. exd5 Nb4 14. Bf3 gxf5 15. g5 Ng4 16. Bf4 Qb6 17. Qe2 e5 18. h3 exf4 19. hxg4 Qe3 20. Qxe3 Nxc2+ 21. Ke2 Nxe3 22. gxf5 Bxf5 23. Rh4 Be5 24. Nc5 Rfe8 25. Kd2 Nc4+ 26. Kc1 Bxc3 27. bxc3 Re1+ 28. Bd1 Rd8 29. Nb3 Rxd5 30. Nd4 f3 31. Rf4 f2 32. Rxf2 Bg4 33. Kc2 Bxd1+ 34. Rxd1 Ne3+ 35. Kd2 Nxd1 36. g6 Nxf2 0-1

[Event "Evry op"]
[Site "Evry"]
[Date "2005.02.25"]
[Round "7"]
[White "Montheard, Xavier"]
[Black "Toulzac, Pierre Yves"]
[Result "1-0"]
[WhiteElo "2247"]
[BlackElo "2301"]
[PlyCount "63"]
[EventDate "2005.03.12"]
[EventType "swiss"]
[EventRounds "9"]
[EventCountry "FRA"]
[SourceTitle "EXT 2006"]
[Source "ChessBase"]
[SourceDate "2005.11.24"]
[SourceVersion "1"]
[SourceVersionDate "2005.11.24"]
[SourceQuality "1"]

1. e4 d6 2. d4 Nf6 3. Nc3 c6 4. f4 Qa5 5. Bd3 e5 6. Nf3 Bg4 7. Be3 Nbd7 8. 0-0 Be7 9. Qe1 Bh5 10. Kh1 Bxf3 11. Rxf3 Ng4 12. Bg1 h5 13. a4 Qc7 14. a5 exf4 15. Rxf4 Bg5 16. Rf5 f6 17. Qg3 g6 18. Rff1 Kf7 19. h3 Rh7 20. Rae1 Rah8 21. e5 dxe5 22. dxe5 Ndxe5 23. Bd4 Kg7 24. Ne4 h4 25. Bxe5 Nxe5 26. Nxg5 hxg3 27. Ne6+ Kh6 28. Re4 Ng4 29. Rxg4 Qe5 30. Rxg6+ Kh5 31. Nf4+ Kh4 32. Rg4# 1-0

[Event "Evry op"]
[Site "Evry"]
[Date "2005.02.24"]
[Round "6"]
[White "Beudaert, Xavier"]
[Black "Montheard, Xavier"]
[Result "1-0"]
[WhiteElo "2328"]
[BlackElo "2247"]
[PlyCount "117"]
[EventDate "2005.03.12"]
[EventType "swiss"]
[EventRounds "9"]
[EventCountry "FRA"]
[SourceTitle "EXT 2006"]
[Source "ChessBase"]
[SourceDate "2005.11.24"]
[SourceVersion "1"]
[SourceVersionDate "2005.11.24"]
[SourceQuality "1"]

1. e4 c5 2. Nc3 Nc6 3. Bb5 Nd4 4. Bc4 e6 5. Nf3 Ne7 6. 0-0 Nec6 7. d3 Be7 8. Ne1 a6 9. a4 0-0 10. Ne2 d5 11. Ba2 Nb4 12. Bb1 Nxe2+ 13. Qxe2 e5 14. c3 Nc6 15. Ba2 Be6 16. Nc2 Bf6 17. Ne3 Ne7 18. Ng4 Bxg4 19. Qxg4 d4 20. Bc4 Rb8 21. Rd1 Qd6 22. Qf3 Rbd8 23. Bd2 Rd7 24. Rac1 Ng6 25. cxd4 exd4 26. Qh3 Rdd8 27. g3 Rb8 28. a5 b5 29. axb6 Qxb6 30. b3 Ne5 31. Bf4 Ra8 32. Bd5 Rad8 33. Qh5 Ng6 34. Bd2 Be7 35. Ra1 Qf6 36. Ra5 Ne5 37. Bf4 Bd6 38. Rxa6 Rfe8 39. Kg2 h6 40. Ra7 Re7 41. Bxe5 Bxe5 42. Rda1 Bc7 43. R1a6 Qg5 44. Qxg5 hxg5 45. Rc6 Rdd7 46. Rxc5 Kh7 47. Bc6 Bb6 48. Bxd7 Bxc5 49. Ra5 Bd6 50. Bc6 Kg6 51. Rd5 Be5 52. Bd7 Bf6 53. f4 gxf4 54. gxf4 Kh6 55. b4 g5 56. Kf3 gxf4 57. Kxf4 Bh4 58. b5 Be1 59. b6 1-0

[Event "Evry op"]
[Site "Evry"]
[Date "2005.02.22"]
[Round "2"]
[White "Abergel, Thal"]
[Black "Montheard, Xavier"]
[Result "1-0"]
[WhiteElo "2443"]
[BlackElo "2247"]
[PlyCount "59"]
[EventDate "2005.03.12"]
[EventType "swiss"]
[EventRounds "9"]
[EventCountry "FRA"]
[SourceTitle "EXT 2006"]
[Source "ChessBase"]
[SourceDate "2005.11.24"]
[SourceVersion "1"]
[SourceVersionDate "2005.11.24"]
[SourceQuality "1"]

1. d4 Nf6 2. Nf3 c5 3. d5 d6 4. Nc3 g6 5. e4 Bg7 6. Bb5+ Nbd7 7. a4 0-0 8. 0-0 Ne8 9. Re1 Nc7 10. Bf4 a6 11. Bf1 Nf6 12. h3 Re8 13. Bc4 Rb8 14. Qd3 Nh5 15. Bh2 Bd7 16. a5 Nb5 17. g4 Nxc3 18. bxc3 Nf6 19. e5 dxe5 20. Nxe5 Bb5 21. Bxb5 axb5 22. Qxb5 Nxd5 23. Rad1 Nxc3 24. Qc4 Nxd1 25. Nxf7 Kf8 26. Nxd8 Rbxd8 27. Be5 Bxe5 28. Rxe5 Rd4 29. Qxc5 Rf4 30. Re2 1-0

[Event "Cappelle op 21st"]
[Site "Cappelle la Grande"]
[Date "2005.02.13"]
[Round "2"]
[White "Montheard, Xavier"]
[Black "Shengelia, Davit"]
[Result "0-1"]
[WhiteElo "2247"]
[BlackElo "2482"]
[PlyCount "72"]
[EventDate "2005.02.12"]
[EventType "swiss"]
[EventRounds "9"]
[EventCountry "FRA"]
[SourceTitle "EXT 2006"]
[Source "ChessBase"]
[SourceDate "2005.11.24"]
[SourceVersion "1"]
[SourceVersionDate "2005.11.24"]
[SourceQuality "1"]

1. e4 c5 2. Nf3 d6 3. d4 cxd4 4. Nxd4 Nf6 5. Nc3 Nc6 6. Bg5 e6 7. Qd2 Be7 8. 0-0-0 Nxd4 9. Qxd4 a6 10. f4 0-0 11. Kb1 b5 12. Bxf6 Bxf6 13. e5 dxe5 14. Qe4 Qb6 15. Qxa8 Bb7 16. Rd6 Qxd6 17. Qxb7 b4 18. Ne2 exf4 19. Nc1 Qe5 20. Nd3 Rd8 21. Qxb4 Qe3 22. a3 f3 23. gxf3 Qxf3 24. Rg1 Qd1+ 25. Ka2 Bd4 26. Rg5 Qxf1 27. Ra5 Bf6 28. Rxa6 Qg2 29. Qb3 Qxh2 30. a4 h5 31. a5 h4 32. Rc6 h3 33. a6 Qg2 34. Qb6 Qd5+ 35. b3 h2 36. Nf2 Bd4 0-1

[Event "Metz op 23rd"]
[Site "Metz"]
[Date "2005.??.??"]
[Round "4"]
[White "Montheard, Xavier"]
[Black "Louis, Andre"]
[Result "1-0"]
[WhiteElo "2265"]
[BlackElo "2011"]
[PlyCount "117"]
[EventDate "2005.04.16"]
[EventType "swiss"]
[EventRounds "9"]
[EventCountry "FRA"]
[SourceTitle "EXT 2007"]
[Source "ChessBase"]
[SourceDate "2006.11.23"]
[SourceVersion "1"]
[SourceVersionDate "2006.11.23"]
[SourceQuality "1"]

1. e4 g6 2. d4 Bg7 3. Nc3 d6 4. f4 a6 5. Nf3 b5 6. a3 Nd7 7. Be2 e6 8. 0-0 Ne7 9. Kh1 0-0 10. Ng5 h6 11. Nh3 Bb7 12. Bf3 f5 13. Nf2 Rb8 14. d5 e5 15. Nd3 fxe4 16. Bxe4 Nf5 17. Bd2 Qh4 18. Rf3 Qe7 19. fxe5 Nxe5 20. Nxe5 dxe5 21. Qe2 Rbd8 22. Re1 Rd6 23. Qd3 Bc8 24. Nd1 c5 25. c4 Rdf6 26. Bc3 bxc4 27. Qxc4 Kh7 28. Nf2 Nd4 29. Bxd4 cxd4 30. Qd3 Bf5 31. Bxf5 gxf5 32. Qxd4 e4 33. Rb3 Rg6 34. Qe3 Qd6 35. Rd1 Be5 36. g3 Rfg8 37. Rb7+ R8g7 38. Rxg7+ Rxg7 39. b4 Qg6 40. Rf1 Rc7 41. Rc1 Qd6 42. Rxc7+ Qxc7 43. Kg2 Qg7 44. Qb6 Bd4 45. Qe6 Qg5 46. Nxe4 Qg6 47. Qxg6+ Kxg6 48. Nc5 Bb2 49. Nxa6 Bxa3 50. b5 Kf6 51. b6 Ke5 52. b7 Bd6 53. b8Q Bxb8 54. Nxb8 Kxd5 55. Kf3 Ke5 56. Nc6+ Kf6 57. Kf4 Ke6 58. Nd4+ Kf6 59. Nxf5 1-0

[Event "Metz op 23rd"]
[Site "Metz"]
[Date "2005.??.??"]
[Round "6"]
[White "Montheard, Xavier"]
[Black "Steininger, Denis"]
[Result "1-0"]
[WhiteElo "2265"]
[BlackElo "2002"]
[PlyCount "57"]
[EventDate "2005.04.16"]
[EventType "swiss"]
[EventRounds "9"]
[EventCountry "FRA"]
[SourceTitle "EXT 2007"]
[Source "ChessBase"]
[SourceDate "2006.11.23"]
[SourceVersion "1"]
[SourceVersionDate "2006.11.23"]
[SourceQuality "1"]

1. e4 d6 2. d4 Nf6 3. Nc3 c6 4. f4 b5 5. e5 b4 6. exf6 bxc3 7. fxg7 Bxg7 8. bxc3 Qa5 9. Bd2 0-0 10. Bd3 Be6 11. Nf3 f6 12. 0-0 Qc7 13. Nh4 Bf7 14. Nf5 Bg6 15. Nxg7 Kxg7 16. f5 Bf7 17. Rf3 Kh8 18. Rh3 Bg8 19. Bh6 Rf7 20. Qg4 e5 21. fxe6 Re7 22. Bf5 c5 23. Qh4 Nd7 24. exd7 Rf7 25. Re1 Qb6 26. Re8 cxd4 27. Bg7+ Rxg7 28. Qxh7+ Rxh7 29. Rxh7# 1-0

[Event "Le Touquet op 19th"]
[Site "Le Touquet"]
[Date "2004.10.26"]
[Round "3"]
[White "Montheard, Xavier"]
[Black "Okhotnik, Vladimir"]
[Result "0-1"]
[WhiteElo "2261"]
[BlackElo "2426"]
[PlyCount "132"]
[EventDate "2004.10.25"]
[EventType "swiss"]
[EventRounds "9"]
[EventCountry "FRA"]
[SourceTitle "EXT 2005"]
[Source "ChessBase"]
[SourceDate "2004.11.15"]
[SourceVersion "1"]
[SourceVersionDate "2004.11.15"]
[SourceQuality "1"]

1. e4 e5 2. Nf3 Nc6 3. Bb5 g6 4. d4 exd4 5. c3 dxc3 6. Nxc3 Bg7 7. Bg5 f6 8. Bf4 Nh6 9. Qd2 Nf7 10. 0-0 0-0 11. Bc4 d6 12. h3 Nce5 13. Bxe5 dxe5 14. Rfd1 Qxd2 15. Rxd2 c6 16. Rad1 Bh6 17. Rd3 b5 18. Bb3 a5 19. Rd6 a4 20. Bxf7+ Rxf7 21. Rxc6 Bd7 22. Rcd6 Be8 23. Rb6 Bf8 24. Nd5 Kg7 25. Rc1 Raa7 26. Kf1 Rab7 27. Rc8 Rxb6 28. Nxb6 Bd7 29. Nxd7 Rxd7 30. Ke2 Kf7 31. a3 Rb7 32. Kd3 b4 33. axb4 Rxb4 34. Rc2 Bh6 35. Nd2 Rd4+ 36. Kc3 Bf8 37. Nc4 Rxe4 38. Rd2 Re1 39. Rd7+ Ke6 40. Rxh7 Re2 41. Ra7 Bc5 42. Ra6+ Ke7 43. f3 Rxg2 44. Rxa4 Rg3 45. Nd2 Be3 46. Ra3 Rxh3 47. Kd3 Bxd2 48. Kxd2 Rh2+ 49. Kc1 Rh4 50. Rd3 Ke6 51. Kc2 e4 52. fxe4 Rxe4 53. Kc3 g5 54. b4 Re1 55. Kd4 Rb1 56. Re3+ Kd6 57. Kc4 g4 58. Rd3+ Ke5 59. b5 f5 60. Kc5 f4 61. Rd5+ Ke4 62. Rd4+ Ke3 63. Ra4 g3 64. Ra3+ Kf2 65. Ra2+ Kf3 66. Ra3+ Kg4 0-1

[Event "Paris Apsap op 71st"]
[Site "Paris"]
[Date "2004.04.20"]
[Round "2"]
[White "Le Duin, Thierry"]
[Black "Montheard, Xavier"]
[Result "1/2-1/2"]
[WhiteElo "2160"]
[BlackElo "2271"]
[PlyCount "137"]
[EventDate "2004.04.19"]
[EventType "swiss"]
[EventRounds "7"]
[EventCountry "FRA"]
[SourceTitle "CBM 100 Extra"]
[Source "ChessBase"]
[SourceDate "2004.07.06"]
[SourceVersion "2"]
[SourceVersionDate "2004.07.06"]
[SourceQuality "1"]

1. d4 Nf6 2. c4 c5 3. d5 e6 4. Nc3 exd5 5. cxd5 d6 6. e4 g6 7. f4 Bg7 8. Bb5+ Nbd7 9. a4 0-0 10. Nf3 a6 11. Bd3 Re8 12. 0-0 c4 13. Bc2 Nc5 14. Re1 Bg4 15. h3 Bxf3 16. Qxf3 b5 17. axb5 axb5 18. Rxa8 Qxa8 19. Nxb5 Qa5 20. Nc3 Nxd5 21. Bd2 Nxc3 22. Bxc3 Bxc3 23. Qxc3 Qxc3 24. bxc3 f5 25. e5 dxe5 26. fxe5 Kf7 27. Kf2 Rd8 28. Kf3 Ke6 29. Re2 Rd5 30. Kf4 Nd7 31. g4 fxg4 32. hxg4 Rxe5 33. Rxe5+ Nxe5 34. Kg5 Kf7 35. Kf4 Kf6 36. Be4 h6 37. Bd5 g5+ 38. Kg3 Ke7 39. Be4 Kd6 40. Bf5 Kd5 41. Kf2 Nf7 42. Ke3 Nd6 43. Bh7 Ke5 44. Bg8 Ne4 45. Bxc4 Nxc3 46. Bg8 Ne4 47. Kf3 Kd4 48. Bh7 Nd2+ 49. Ke2 Nc4 50. Kf2 Ne3 51. Kf3 Nd5 52. Bf5 Nf6 53. Bg6 Kc3 54. Bf5 Kd2 55. Kf2 Ne8 56. Bh7 Nd6 57. Bg8 Ne4+ 58. Kf3 Nf6 59. Be6 Ke1 60. Ke3 Kf1 61. Kd4 Kf2 62. Ke5 Nxg4+ 63. Bxg4 Kg3 64. Kf5 Kh4 65. Bd1 h5 66. Ke4 g4 67. Kf4 g3 68. Bf3 Kh3 69. Kg5 1/2-1/2

[Event "Montpellier op"]
[Site "Montpellier"]
[Date "2003.07.11"]
[Round "5"]
[White "Bricard, Emmanuel"]
[Black "Montheard, Xavier"]
[Result "1-0"]
[WhiteElo "2456"]
[BlackElo "2255"]
[PlyCount "127"]
[EventDate "2003.07.07"]
[EventType "swiss"]
[EventRounds "9"]
[EventCountry "FRA"]
[SourceTitle "CBM 095 Extra"]
[Source "ChessBase"]
[SourceDate "2003.09.04"]
[SourceVersion "1"]
[SourceVersionDate "2003.09.04"]
[SourceQuality "1"]

1. d4 Nf6 2. c4 c5 3. d5 e6 4. Nc3 exd5 5. cxd5 d6 6. e4 g6 7. Nge2 Bg7 8. Ng3 0-0 9. Be2 Na6 10. 0-0 Nc7 11. a4 a6 12. Bf4 Qe7 13. Qd2 Re8 14. Bh6 Bd7 15. Bxg7 Kxg7 16. f4 Red8 17. Rae1 b5 18. e5 dxe5 19. Bf3 Bc6 20. Rxe5 Qf8 21. f5 b4 22. fxg6 fxg6 23. Qe2 Re8 24. dxc6 bxc3 25. bxc3 Qd6 26. Re1 Rxe5 27. Qxe5 Qxe5 28. Rxe5 Re8 29. Rxc5 Re1+ 30. Kf2 Ra1 31. Rc4 Ra3 32. Ne4 Nfd5 33. Rd4 Nb6 34. Rd7+ Nxd7 35. cxd7 Ne6 36. Nc5 Nd8 37. Nb7 Kf6 38. Nxd8 Ke7 39. Ne6 Kxd7 40. Nf8+ Ke7 41. Nxh7 Rxa4 42. Ng5 a5 43. Ke3 Ra2 44. Nh3 a4 45. Nf4 g5 46. Nd5+ Kd8 47. Nb4 Rb2 48. Kd4 Ke7 49. Ke5 a3 50. Bd5 Rf2 51. h3 Kf8 52. Kd6 Rf1 53. Nc2 Rc1 54. Nxa3 Rxc3 55. Nb5 Rc1 56. Ke5 Kg7 57. Nd4 Kg6 58. Be4+ Kh5 59. Kf6 Rf1+ 60. Bf3+ g4 61. hxg4+ Kh6 62. g5+ Kh7 63. g6+ Kh8 64. Nf5 1-0

[Event "Montpellier op"]
[Site "Montpellier"]
[Date "2003.07.07"]
[Round "1"]
[White "Marcelin, Cyril"]
[Black "Montheard, Xavier"]
[Result "1-0"]
[WhiteElo "2503"]
[BlackElo "2255"]
[PlyCount "71"]
[EventDate "2003.07.07"]
[EventType "swiss"]
[EventRounds "9"]
[EventCountry "FRA"]
[SourceTitle "CBM 095 Extra"]
[Source "ChessBase"]
[SourceDate "2003.09.04"]
[SourceVersion "1"]
[SourceVersionDate "2003.09.04"]
[SourceQuality "1"]

1. d4 Nf6 2. c4 c5 3. d5 e6 4. Nc3 exd5 5. cxd5 d6 6. Nf3 g6 7. Bf4 a6 8. a4 Qe7 9. Nd2 Nh5 10. Be3 f5 11. Nc4 f4 12. Bd2 Nd7 13. g4 fxg3 14. hxg3 Ne5 15. Nxe5 Qxe5 16. Rh4 Be7 17. Re4 Qf6 18. Bg2 0-0 19. Bf3 Bf5 20. g4 Bxe4 21. Nxe4 Qh4 22. gxh5 g5 23. Qb3 g4 24. Bg2 Qxh5 25. Qxb7 Qf7 26. 0-0-0 Qg7 27. Qd7 Rf7 28. Qe6 Rb8 29. Bc3 Qg6 30. Qxg6+ hxg6 31. e3 Rh7 32. Bf1 Rh4 33. Bxa6 g3 34. Nxg3 Rxa4 35. Bd3 Kf7 36. f4 1-0

[Event "Metz op 21st"]
[Site "Metz"]
[Date "2003.04.27"]
[Round "9"]
[White "Montheard, Xavier"]
[Black "Murey, Jacob"]
[Result "1/2-1/2"]
[WhiteElo "2245"]
[BlackElo "2490"]
[PlyCount "69"]
[EventDate "2003.04.19"]
[EventType "swiss"]
[EventRounds "9"]
[EventCountry "FRA"]
[SourceTitle "CBM 093 Extra"]
[Source "ChessBase"]
[SourceDate "2003.05.09"]
[SourceVersion "1"]
[SourceVersionDate "2003.05.09"]
[SourceQuality "1"]

1. e4 c5 2. Nf3 Nf6 3. Nc3 d6 4. d4 cxd4 5. Nxd4 a6 6. Bg5 e6 7. f4 Qb6 8. Qd3 Qxb2 9. Rb1 Qa3 10. Be2 Qc5 11. f5 Nc6 12. Nxc6 Qxc6 13. 0-0 Be7 14. fxe6 fxe6 15. Bxf6 Bxf6 16. Bh5+ Kd8 17. e5 Bxe5 18. Ne4 Kc7 19. c4 Kb8 20. Bf3 d5 21. cxd5 Qxd5 22. Qa3 Ka7 23. Kh1 Rd8 24. Nc5 Qd6 25. Qe3 Bd4 26. Qe4 Qc6 27. Qh4 g5 28. Bxc6 gxh4 29. Rf7 Rb8 30. Nxb7 Bd7 31. Rxd7 Rxd7 32. Bxd7 Rxb7 33. Rxb7+ Kxb7 34. Bxe6 h6 35. h3 1/2-1/2

[Event "Paris-ch op"]
[Site "Paris"]
[Date "1999.07.22"]
[Round "6"]
[White "Barbat, Thomas"]
[Black "Montheard, Xavier"]
[Result "0-1"]
[WhiteElo "2134"]
[BlackElo "2241"]
[PlyCount "54"]
[EventDate "1999.07.17"]
[EventType "swiss"]
[EventRounds "9"]
[EventCountry "FRA"]
[SourceTitle "EXT 2000"]
[Source "ChessBase"]
[SourceDate "1999.11.16"]
[SourceVersion "1"]
[SourceVersionDate "1999.11.16"]
[SourceQuality "1"]

1. d4 Nf6 2. c4 c5 3. d5 e6 4. Nc3 exd5 5. cxd5 d6 6. e4 g6 7. Be2 Bg7 8. Nf3 0-0 9. 0-0 Re8 10. Nd2 Na6 11. f3 Nc7 12. a4 b6 13. Re1 Rb8 14. Ra3 Nh5 15. Nf1 a6 16. g4 Nf6 17. Rb3 Qd7 18. g5 Nh5 19. f4 Bd4+ 20. Kg2 Qh3+ 21. Kh1 Bf2 22. Nb5 Qh4 23. Nxd6 Bxe1 24. Nxe8 Nxe8 25. d6 Nxf4 26. Bxf4 Qxf4 27. Qxe1 Qxe4+ 0-1

[Event "Paris-ch op"]
[Site "Paris"]
[Date "1999.07.18"]
[Round "2"]
[White "Tregubov, Pavel V"]
[Black "Montheard, Xavier"]
[Result "1-0"]
[WhiteElo "2609"]
[BlackElo "2241"]
[PlyCount "83"]
[EventDate "1999.07.17"]
[EventType "swiss"]
[EventRounds "9"]
[EventCountry "FRA"]
[SourceTitle "EXT 2000"]
[Source "ChessBase"]
[SourceDate "1999.11.16"]
[SourceVersion "1"]
[SourceVersionDate "1999.11.16"]
[SourceQuality "1"]

1. d4 Nf6 2. Nf3 c5 3. d5 d6 4. c4 e6 5. Nc3 exd5 6. cxd5 g6 7. e4 Bg7 8. Bb5+ Nbd7 9. Bf4 Qe7 10. 0-0 0-0 11. Re1 a6 12. Bf1 Re8 13. e5 dxe5 14. Nxe5 Qf8 15. Qf3 b5 16. Nc6 Nb6 17. Bg5 Bf5 18. Bxf6 Bxf6 19. g4 Bxc3 20. bxc3 Bd7 21. Bg2 Qd6 22. h3 Rac8 23. Na5 Rc7 24. Rxe8+ Bxe8 25. Re1 Re7 26. Rxe7 Qxe7 27. Qg3 Nc8 28. Nc6 Qd6 29. Qe3 Bd7 30. Bf3 Kg7 31. Kg2 h6 32. c4 Nb6 33. cxb5 axb5 34. Qb3 b4 35. a4 c4 36. Qe3 Nxa4 37. Qd4+ f6 38. Qxc4 Bxc6 39. dxc6 Nb6 40. Qb5 Nc8 41. Qb7+ Ne7 42. c7 1-0

[Event "Clichy IM"]
[Site "Clichy"]
[Date "1998.05.23"]
[Round "8"]
[White "Montheard, Xavier"]
[Black "Geenen, Marc"]
[Result "1/2-1/2"]
[WhiteElo "2220"]
[BlackElo "2325"]
[PlyCount "20"]
[EventDate "1998.05.16"]
[EventType "tourn"]
[EventRounds "9"]
[EventCountry "FRA"]
[EventCategory "4"]
[SourceTitle "EXT 2000"]
[Source "ChessBase"]
[SourceDate "1999.11.16"]
[SourceVersion "1"]
[SourceVersionDate "1999.11.16"]
[SourceQuality "1"]

1. f4 e5 2. e4 Bc5 3. Nf3 d6 4. c3 Bb6 5. d4 exd4 6. cxd4 Nf6 7. e5 dxe5 8. fxe5 Nd5 9. Bc4 Bg4 10. Nc3 c6 1/2-1/2

[Event "Clichy IM"]
[Site "Clichy"]
[Date "1998.05.18"]
[Round "3"]
[White "Montheard, Xavier"]
[Black "Adrian, Claude"]
[Result "1/2-1/2"]
[WhiteElo "2220"]
[BlackElo "2335"]
[PlyCount "57"]
[EventDate "1998.05.16"]
[EventType "tourn"]
[EventRounds "9"]
[EventCountry "FRA"]
[EventCategory "4"]
[SourceTitle "EXT 2000"]
[Source "ChessBase"]
[SourceDate "1999.11.16"]
[SourceVersion "1"]
[SourceVersionDate "1999.11.16"]
[SourceQuality "1"]

1. e4 c5 2. Nf3 Nc6 3. Nc3 g6 4. d4 cxd4 5. Nxd4 Bg7 6. Be3 Nf6 7. Nb3 0-0 8. Be2 a5 9. a4 Nb4 10. Bf3 d5 11. exd5 Bf5 12. Rc1 Rc8 13. 0-0 Rxc3 14. bxc3 Na2 15. c4 Nxc1 16. Qxc1 Qd7 17. Qa3 Rc8 18. Nxa5 Be4 19. Bb6 Bxf3 20. Qxf3 Qxa4 21. c5 Nd7 22. Nxb7 Be5 23. Nd8 Bf6 24. Nc6 Qxc2 25. Qe3 Qf5 26. Nxe7+ Bxe7 27. Qxe7 Qxd5 28. h3 Rc6 29. Re1 1/2-1/2

[Event "Clichy IM"]
[Site "Clichy"]
[Date "1998.05.16"]
[Round "1"]
[White "Montheard, Xavier"]
[Black "Moingt, Jean Claude"]
[Result "1/2-1/2"]
[WhiteElo "2220"]
[BlackElo "2300"]
[PlyCount "32"]
[EventDate "1998.05.16"]
[EventType "tourn"]
[EventRounds "9"]
[EventCountry "FRA"]
[EventCategory "4"]
[SourceTitle "EXT 2000"]
[Source "ChessBase"]
[SourceDate "1999.11.16"]
[SourceVersion "1"]
[SourceVersionDate "1999.11.16"]
[SourceQuality "1"]

1. e4 c5 2. Nf3 Nc6 3. d4 cxd4 4. Nxd4 g6 5. c4 Bg7 6. Be3 Nf6 7. Nc3 0-0 8. Be2 d6 9. 0-0 Bd7 10. Qd2 Nxd4 11. Bxd4 Bc6 12. f3 a5 13. b3 Nd7 14. Bxg7 Kxg7 15. Qd4+ Kg8 16. Rab1 Qb6 1/2-1/2

[Event "FRA-chT"]
[Site "France"]
[Date "1998.05.11"]
[Round "11"]
[White "Kappler, Jean Marie"]
[Black "Montheard, Xavier"]
[Result "0-1"]
[WhiteElo "2255"]
[BlackElo "2220"]
[PlyCount "82"]
[EventDate "1998.02.06"]
[EventType "team"]
[EventRounds "11"]
[EventCountry "FRA"]
[SourceTitle "CBM 064 Extra"]
[Source "ChessBase"]
[SourceDate "1998.07.07"]
[SourceVersion "1"]
[SourceVersionDate "1998.07.07"]
[SourceQuality "1"]

1. e4 c5 2. Nc3 Nc6 3. g3 g6 4. Bg2 Bg7 5. d3 Rb8 6. Be3 b5 7. Qd2 Qa5 8. Nf3 Nd4 9. 0-0 d6 10. a3 Bg4 11. Ne1 Ne2+ 12. Nxe2 Qxd2 13. Bxd2 Bxe2 14. Rb1 Bxf1 15. Kxf1 Nf6 16. Bf3 Nd7 17. Ng2 0-0 18. Nf4 e6 19. Ke2 Ne5 20. Bg2 Nc6 21. Kd1 a5 22. Ne2 a4 23. Bc3 e5 24. Bd2 b4 25. Ra1 bxa3 26. bxa3 Nd4 27. Nc3 Ra8 28. Be3 Rfb8 29. h4 Rb2 30. Rc1 Ra7 31. g4 f5 32. exf5 gxf5 33. Bd5+ Kf8 34. g5 Rc7 35. Bc4 Nf3 36. Nb5 Rd7 37. h5 f4 38. Bd5 fxe3 39. Bxf3 Rxb5 40. Bc6 exf2 41. Ke2 Rdb7 0-1

[Event "FRA-chT"]
[Site "France"]
[Date "1998.05.09"]
[Round "9"]
[White "Montheard, Xavier"]
[Black "Boudre, Jean Pierre"]
[Result "1-0"]
[WhiteElo "2220"]
[BlackElo "2380"]
[PlyCount "71"]
[EventDate "1998.02.06"]
[EventType "team"]
[EventRounds "11"]
[EventCountry "FRA"]
[SourceTitle "CBM 064 Extra"]
[Source "ChessBase"]
[SourceDate "1998.07.07"]
[SourceVersion "1"]
[SourceVersionDate "1998.07.07"]
[SourceQuality "1"]

1. e4 Nf6 2. e5 Nd5 3. c4 Nb6 4. c5 Nd5 5. Bc4 e6 6. Nc3 Nxc3 7. dxc3 Nc6 8. Bf4 h5 9. Nf3 Bxc5 10. Qe2 a6 11. 0-0-0 b5 12. Bb3 Bb7 13. Ng5 Be7 14. h4 Bxg5 15. Bxg5 Ne7 16. Rhg1 Qc8 17. g4 hxg4 18. Bxe7 Bf3 19. Qe3 Kxe7 20. Rd2 d5 21. Bd1 Kf8 22. Bxf3 gxf3 23. Rd4 Qd8 24. Rdg4 Rh7 25. Rxg7 Rxg7 26. Qh6 Ke7 27. Rxg7 Kd7 28. Rxf7+ Kc6 29. Qxe6+ Kb7 30. Rxf3 d4 31. Rd3 c5 32. Rf3 Rc8 33. Rf6 Qa5 34. Rf7+ Rc7 35. Qd5+ Kb8 36. Rf8+ 1-0